| 000 | 00485nam a2200169Ia 4500 | ||
|---|---|---|---|
| 999 |
_c19874 _d19874 |
||
| 003 | OSt | ||
| 005 | 20200706102305.0 | ||
| 008 | 190216s9999||||xx |||||||||||||| ||und|| | ||
| 020 | _a9780333386965 | ||
| 040 | _coclc | ||
| 082 |
_a944.03072044 _bDOY/A |
||
| 100 |
_aDoyle, William _93537 |
||
| 245 | 4 |
_aThe Ancien Regime / _cWilliam Doyle |
|
| 260 |
_bMacmillan, _c1986. _aLondon: |
||
| 300 | _a62p | ||
| 942 |
_cBK _2ddc _h944.03072044 _iDOY/A _k944.03072044 _mDOY/A |
||